000 00571nam a22001817a 4500
003 0
005 20160609165253.0
008 100108t xxu||||| |||| 00| 0 eng d
037 _a15422
_bBIBLIO
040 _aUAC
_bF
_cEPAC
082 _a27.APE/ADJ
100 _aDètongnon Rodrigue Déogracis ADJOUDEME
_92656
245 _aLes conflits hommes - carnivores autour de la réserve transfrontalière de biosphère du W, nord-Bénin
260 _aEPAC
_bBIBLIO
_c2007-2008
300 _aI-58p
_c29cm
650 _aAMENAGEMENT PROTECTION ENVIRONNEMNT
_92657
942 _cTHE
999 _c46683
_d46683